000 01257nam a2200289 a 4500
003 AM-YEHGA
005 20251008112105.0
008 250926s1947 maub||||r|||||00||0|grc|d
040 _aAM-YEHGA
041 0 _agrc
_aeng
100 0 _aXenophon
245 1 0 _a Xenophon .. /
_cXenophon ; with an english traslation by Carleton L. Brownson ; with an english traslation by O. J. Todd ; E. C. Marchant.
250 _aReprinted
260 _aCambridge, Mass :
_aLondon,
_bHarvard University Press ;
_aW. Heinemann,
_c1947-
300 _avolume
440 0 _aThe Loeb classical library
500 _aGreek and English on opposite pages
500 _aThe translations of the Hellenica and Anabasis are by C.L. Brownson; of the Symposium and Apology by O.J. Todd; of the Memorabilia and Oeconomicus by E.C. Marchant
504 _aContents: I. Hellenica, I-IV II. Hellenica, VI-VII. Anabasis, I-III III. Anabasis, IV-VII. Symposium and Apology IV. Memorabilia and Oeconomicus
505 0 0 _gV. IIII (1947, 522 p., map)
_tAnabasis, IV-VII ; Symposium and Apology
650 1 4 _aHistory
_94954
700 1 _aBrownson, Carleton Lewis,
_4trl
700 1 _aTodd, Otis Johnson,
_4trl
700 1 _aMarchant, E. C.,
_4trl
942 _2udc
_cBK
001 2033185
999 _c537250
_d537250